Edward goes exploring / (Record no. 103695)
[ view plain ]
| 000 -LEADER | |
|---|---|
| fixed length control field | 00821nam a2200193 a 4500 |
| 005 - DATE AND TIME OF LATEST TRANSACTION | |
| control field | 20140412111306.0 |
| 008 - FIXED-LENGTH DATA ELEMENTS--GENERAL INFORMATION | |
| fixed length control field | 000818s19uu xx 00 eng d |
| 020 ## - INTERNATIONAL STANDARD BOOK NUMBER | |
| International Standard Book Number | 0-7214-9661-X |
| 050 ## - LIBRARY OF CONGRESS CALL NUMBER | |
| Classification number | TR(PS E |
| Item number | Ed9 1996 |
| 100 ## - MAIN ENTRY--PERSONAL NAME | |
| Personal name | Pace, David |
| 245 ## - TITLE STATEMENT | |
| Title | Edward goes exploring / |
| Statement of responsibility, etc | David Pace. |
| 260 ## - PUBLICATION, DISTRIBUTION, ETC. (IMPRINT) | |
| Place of publication, distribution, etc | Leicestershire, UK : |
| Name of publisher, distributor, etc | Ladybird Books Ltd. |
| 300 ## - PHYSICAL DESCRIPTION | |
| Extent | 1 v. (unp.) ; ill. |
| 440 ## - SERIES STATEMENT/ADDED ENTRY--TITLE | |
| Title | Picture Ladybird |
| 520 ## - SUMMARY, ETC. | |
| Summary, etc | Edward dreams about animals. All kinds of animals. He's scientist, an adventurer, an explorer extraordinaire. Edward knows that the garden is really a jungle, that all sorts of strange things are lurking out there. With his net in his rucksack, he sets off again to find a new animal and give it a name! |
| 650 ## - SUBJECT ADDED ENTRY--TOPICAL TERM | |
| Topical term or geographic name as entry element | Animals--Fiction |
| 650 ## - SUBJECT ADDED ENTRY--TOPICAL TERM | |
| Topical term or geographic name as entry element | Children stories |
| Withdrawn status | Lost status | Damaged status | Use restrictions | Home library | Current library | Shelving location | Date acquired | Source of acquisition | Cost, normal purchase price | Total Checkouts | Full call number | Barcode | Date last seen | Price effective from | Koha item type |
|---|---|---|---|---|---|---|---|---|---|---|---|---|---|---|---|
| Elizalde Library | Elizalde Library | Teachers Reference Section | 08/18/2000 | 97.25 | TR(PS E Ed9 1996 | E5733 | 04/12/2014 | 04/12/2014 | Books |